[Event "Charlotte Spring-A 2022"]
[Site "Charlotte"]
[Date "2022.03.21"]
[Round "9.2"]
[White "Guo, Arthur"]
[Black "Panjwani, Raja"]
[Result "1-0"]
[WhiteElo "2412"]
[BlackElo "2436"]
[Annotator "TA"]
[PlyCount "79"]
[EventDate "2022.03.16"]
[EventType "tourn"]
[EventCountry "USA"]
[SourceTitle "playchess.com"]
[Source "ChessBase"]
[SourceQuality "1"]

{[%evp 18,79,47,39,46,33,39,37,33,30,22,26,39,15,11,10,87,81,96,62,123,57,59,52,94,50,50,54,50,35,41,35,46,46,48,47,61,38,85,17,61,60,66,62,51,29,86,84,224,242,244,237,248,227,489,472,450,415,671,674,628,564,932,877]} 1. e4 c5 2. Nf3 Nc6 3. d4 cxd4 4. Nxd4 g6 5. c4 Nf6 6. Nc3 Nxd4 7. Qxd4 d6 8. Be2 Bg7 9. Be3 O-O 10. Qd2 a5 {B36: Sicilian: Maroczy Bind: Gurgenidze System.} 11. f3 a4 12. Rc1 Qa5 {White is slightly better.} 13. Kf2 $1 {[%mdl 4] is more profitable than 13.Rc2 at the moment.} Be6 14. Nd5 Bxd5 15. Qxa5 Rxa5 16. cxd5 Nd7 (16... e6 $1 $11 {keeps the balance.}) 17. Rc7 $16 {[%csl LRb7,LRd7] White is more active.} Nc5 18. Rb1 Rfa8 {[#]} (18... Bf6 $14) 19. Ke1 $146 (19. Rxe7 $16 {Strongly threatening Rc7.} Bf6 20. Rc7) ({Predecessor:} 19. Kf1 Bf6 20. g4 g5 21. e5 Bxe5 22. Bxg5 e6 23. Bd2 R5a7 24. f4 Bd4 25. dxe6 fxe6 {½-½ (61) Nasanjargal,U (2482)-Gomez,J (2460) Ulaanbaatar 2019}) 19... Bf6 20. Kd1 Kg7 (20... Rb8 $14) 21. g3 (21. Rc1 $16) 21... b6 $14 22. Bd2 R5a7 23. Rc6 Rb7 24. Bb5 Bd4 25. Kc2 f5 26. exf5 gxf5 27. Re1 Kf7 (27... Ra5 $14 {is superior.} 28. Bf1 (28. Bxa5 bxa5 29. Ba6 Rxb2+ 30. Kd1 Rb1+ 31. Ke2 Rb2+ 32. Kd1 Rb1+ 33. Ke2 Rb2+ 34. Kd1 $11) 28... Ra8) 28. g4 (28. Rf1 $16) 28... fxg4 (28... Ra5 $1 $11 {was preferrable.} 29. Bf1 (29. Bxa5 bxa5 30. Bc4 Rxb2+ 31. Kc1 Rb4 $11) 29... Ra8) 29. fxg4 Kg7 30. Rf1 {[%cal Be1f1,Bf1f5,Bf5e5][%mdl 32]} Be5 31. h4 h6 (31... Ne4 $11) 32. Rf5 $36 {[%cal Od2h6][%mdl 2048] Keeping Black busy.} Ne4 {[#] A mistake that costs the game.} (32... Rh8 $16 {was worth a try.}) 33. Bxh6+ $1 $18 {[%mdl 512]} Kxh6 34. Rxe5 $1 Nc5 35. Rf5 {Inhibits Rf8.} a3 $2 (35... Ra5 36. Be2 Ra8) 36. b4 Nd7 37. Rc3 Rg8 (37... Rab8 $142 38. Bxd7 Rxd7) 38. Rh5+ {White is clearly winning.} Kg7 39. Rg5+ Kf7 40. Bxd7 {Weighted Error Value: White=0.17 (very precise) /Black=0.39} 1-0

[Event "Charlotte Spring-A 2022"]
[Site "Charlotte"]
[Date "2022.03.21"]
[Round "9.3"]
[White "Liang, Jason"]
[Black "Mishra, Abhimanyu"]
[Result "1/2-1/2"]
[WhiteElo "2419"]
[BlackElo "2505"]
[Annotator "TA"]
[PlyCount "137"]
[EventDate "2022.03.16"]
[EventType "tourn"]
[EventCountry "USA"]
[SourceTitle "playchess.com"]
[Source "ChessBase"]
[SourceQuality "1"]

{[%evp 9,137,9,5,6,19,15,11,20,8,10,21,32,24,30,20,25,16,0,14,0,0,-10,9,0,0,11,0,0,18,0,0,0,1,0,0,0,18,18,21,33,30,8,17,16,27,13,24,14,12,0,0,0,0,0,0,0,13,11,23,6,7,0,0,0,0,0,0,0,0,0,126,114,134,122,137,149,172,169,168,170,170,168,175,127,133,115,96,112,132,110,114,16,16,8,8,8,8,2,2,2,2,2,2,4,4,4,4,4,4,4,12,8,8,8,12,12,19,19,19,19,19,19,19,8,19,19,19,8,19,0]} 1. e4 c5 2. Nf3 d6 3. Bb5+ Nd7 4. Ba4 Ngf6 5. O-O e6 6. Qe2 {B51: Sicilian: Moscow Variation (3 Bb5+) without 3...Bd7.} a6 {Threatens to win with ...b5.} 7. c4 {Inhibits b5.} Be7 8. d4 cxd4 9. Nxd4 O-O 10. Nc3 Qc7 11. Kh1 Ne5 12. Bb3 {[#]} b6 $146 ({Predecessor:} 12... Bd7 13. f4 Nc6 14. Nf3 Rfc8 15. e5 Ne8 16. Bc2 g6 17. Bd2 Nb4 18. Bb3 a5 {½-½ (46) Bacrot,E (2642)-Shankland,S (2708) Belgrade 2022}) 13. f3 (13. f4 $5 {[%cal Rf4e5]} Nc6 14. Nxc6 Qxc6 15. e5 $14) 13... Bb7 14. Be3 Rac8 {[%cal Re5c4]} 15. Rfc1 Rfe8 {[%cal Re5c4]} 16. Na4 Bf8 17. a3 Ned7 18. Nc3 Qb8 19. Qd2 Rc7 20. Rc2 Ne5 21. Na4 Nfd7 22. Ba2 Ba8 23. b4 Rec8 {[%cal Re5c4]} 24. Rac1 Be7 25. Qe2 Bf6 26. Nb2 Nc6 27. Nb3 a5 28. b5 Nce5 29. Na4 Nc5 30. Nbxc5 dxc5 31. Rd2 Rd7 32. Rcd1 Rcd8 33. Bf4 {Black must now prevent Rxd7.} Rd4 34. Rxd4 (34. Bb3 {is interesting.} g5 35. Bg3 Qd6 36. Rxd4 cxd4 37. Qc2) 34... Rxd4 35. Rxd4 cxd4 36. Qd2 Qd8 37. c5 bxc5 38. Nxc5 Qb6 {[%csl LRb5,LRc5]} 39. Qc1 (39. Qxd4 Qxb5 $1 40. Bxe5 Qf1+ 41. Qg1 Qxg1+ 42. Kxg1 Bxe5 $17) 39... Qc7 (39... Qxb5 $11 40. Nxe6 fxe6 41. Qc8+ Kf7 42. Qxe6+ Kf8) 40. a4 $16 {White is more active.} h6 41. Nb3 Qxc1+ 42. Bxc1 Nd7 43. Nxa5 {Strongly threatening Ba3.} Nc5 44. Bb3 Bd8 {[#]} 45. Ba3 $1 Nxa4 46. Nc6 ({But not} 46. Bxa4 Bxa5 47. Bc5 d3 $16) (46. Nc4 $18 Nc3 47. b6) 46... Bxc6 47. bxc6 {[%mdl 4096] Endgame KBB-KBN} Nc3 48. Bc5 d3 49. Bb4 Ne2 {[#]} 50. Bd6 {Inhibits Bc7.} (50. e5 $1 $16) 50... d2 $11 {The position is equal.} 51. c7 Bxc7 52. Bxc7 Nc3 53. Be5 d1=Q+ 54. Bxd1 Nxd1 {KB-KN} 55. Bd4 {f4 is the strong threat.} f6 $1 56. e5 fxe5 57. Bxe5 Ne3 58. Kg1 Kf7 59. Kf2 Nf5 60. g4 Ne7 61. Ke3 Nc6 62. Bc3 g5 63. Ke4 Ne7 64. Be5 Ng6 65. Bg3 Kf6 66. Kd4 Ne7 67. Be5+ Kf7 68. Kc5 Nd5 69. Kd4 {Blacks defense is rewarded with a draw.  Weighted Error Value: White=0.06 (flawless) /Black=0.07 (flawless)} 1/2-1/2

[Event "Charlotte Spring-A 2022"]
[Site "Charlotte"]
[Date "2022.03.21"]
[Round "9.4"]
[White "Korley, Kassa"]
[Black "Mista, Aleksander"]
[Result "1/2-1/2"]
[WhiteElo "2399"]
[BlackElo "2551"]
[Annotator "TA"]
[PlyCount "73"]
[EventDate "2022.03.16"]
[EventType "tourn"]
[EventCountry "USA"]
[SourceTitle "playchess.com"]
[Source "ChessBase"]
[SourceQuality "1"]

{[%evp 14,73,-21,-39,0,-62,0,-47,-45,-40,-43,-31,0,-18,12,0,0,0,49,40,41,26,22,34,35,29,33,0,0,0,0,0,30,39,49,40,48,0,0,0,0,0,0,0,0,0,0,0,0,0,0,-93,-29,-29,-29,-29,0,-30,0,-63,0,0]} 1. d4 Nf6 2. c4 g6 3. g3 c6 4. Bg2 d5 5. Nf3 Bg7 6. O-O O-O 7. Nc3 dxc4 8. e4 Nfd7 {D78: Fianchetto Grünfeld: 6 0-0 c6.} 9. e5 {[#]} (9. Be3 $11) 9... c5 $146 (9... Na6 $15) ({Predecessor:} 9... Nb6 10. Be3 Be6 11. Ng5 Bf5 12. Nge4 Nd5 13. Qe2 Nxe3 14. Qxe3 Nd7 15. f4 Qb6 {0-1 (23) Mayeres,H (1870)-Berger,V (1660) Binz 2017}) 10. d5 (10. Be3 $11 {feels stronger.}) 10... Nxe5 $15 {Black is slightly better.} 11. Nxe5 Bxe5 12. Re1 Bd4 13. Bg5 (13. Be3 $5 {[%cal Re3d4]}) 13... f6 (13... Qb6 $5 {[%cal Rb6b2]} 14. Qe2 (14. Na4 Qb5 $15) 14... Re8 $11) 14. Bh6 Rf7 15. Nb5 Bxb2 (15... Nd7 $11 {might be stronger.}) 16. Rb1 $14 c3 {Strongly threatening ...Bf5.} 17. d6 e6 18. Nc7 Rxc7 19. dxc7 Qxc7 {[#]} 20. Bd5 $1 {Qg4 is the strong threat.} Nc6 21. Bxc6 bxc6 22. Qf3 Kf7 23. Bf4 {Prevents e5.} Qe7 24. Be5 $1 Ba6 25. Bxc3 (25. Rbd1 $1 $14 Kg8 26. Bxc3 Bxc3 27. Qxc3) 25... Bxc3 $11 26. Qxc3 Rd8 27. Qa5 Bd3 28. Rb7 Qxb7 29. Qxd8 {[%mdl 4096] Endgame KQR-KQB} c4 30. h4 {To avoid g5} e5 31. Qh8 Ke6 32. g4 {[#]} (32. Qe8+ $11 {keeps the balance.} Qe7 33. Qxc6+ Kf7 34. Qd5+ Kf8 35. g4) 32... e4 ({Better is} 32... Qc7 $1 $17) 33. Qe8+ $1 Kd6 {aiming for ...Qd7.} 34. Qd8+ Ke6 35. Qe8+ Kd6 36. Qd8+ Ke6 ({Black should play} 36... Qd7 $15 37. Qxf6+ Kc5) 37. Qe8+ $1 {Weighted Error Value: White=0.18 (very precise) /Black=0.19 (very precise)} 1/2-1/2

[Event "Charlotte Spring-A 2022"]
[Site "Charlotte"]
[Date "2022.03.21"]
[Round "9.5"]
[White "Lee, Michael"]
[Black "Bodek, Michael"]
[Result "0-1"]
[WhiteElo "2379"]
[BlackElo "2418"]
[Annotator "TA"]
[PlyCount "132"]
[EventDate "2022.03.16"]
[EventType "tourn"]
[EventCountry "USA"]
[SourceTitle "playchess.com"]
[Source "ChessBase"]
[SourceQuality "1"]

{[%evp 20,132,16,4,12,10,12,9,15,16,25,32,28,34,27,30,16,18,83,10,18,15,36,26,31,27,60,37,39,38,18,0,-6,-31,-27,-27,-33,-102,-88,-108,-100,-106,-104,-112,-94,-91,-60,-163,-172,-229,-131,-160,-111,-106,-86,-84,-81,-87,-64,-75,-52,-56,-60,-81,-81,-118,-102,-137,-137,-137,-137,-212,-209,-285,-158,-158,-158,-168,-164,-165,-81,-100,-86,-86,-86,-86,-88,-90,-90,-139,-132,-133,-133,-137,-132,-132,-125,-125,-125,-211,-211,-211,-211,-319,-211,-12833,-12833,-12833,-5505,-12831,-12836,-12835,-12837,-12838,-12837]} 1. c4 e6 2. Nc3 Nf6 3. e4 {[%cal Be2e4,Be4e5][%mdl 32]} c5 4. e5 Ng8 5. Nf3 Nc6 6. d4 cxd4 7. Nxd4 Nxe5 8. Ndb5 a6 9. Nd6+ Bxd6 10. Qxd6 f6 11. Be3 {[%mdl 1024] White has compensation.} Ne7 {A19: English Opening: Flohr-Mikenas System with 3...c5.} 12. Bb6 Nf5 13. Qb4 Nc6 {The position is equal.} 14. Qc5 Qe7 15. Qxe7+ Nfxe7 16. O-O-O d5 17. Be2 Kf7 18. f4 {[#] Prevents Ne5.} Re8 $146 (18... dxc4 $11 19. Bxc4 Nb4) ({Predecessor:} 18... Bd7 19. g4 Rhe8 20. Bf3 Rac8 21. Kb1 Nb8 22. cxd5 exd5 23. Rhf1 Bc6 24. Bc5 Rcd8 {½-½ (87) Mikhalevski,V (2525)-Vaibhav,S (2448) Moscow 2012}) 19. Bh5+ (19. Rhe1 $16) 19... g6 $11 20. Bf3 dxc4 21. Ne4 {[%cal Bc3e4,Be4d6,Bd6c4][%mdl 32]} Kg7 22. Nd6 {[%csl LRc4,LRe8]} Rf8 23. Nxc4 e5 24. Bc5 {This bishop pair is nice.} Be6 25. Bxc6 Nxc6 26. Nb6 {To avoid Rfc8} exf4 27. Nxa8 Rxa8 28. Rhe1 ({White should play} 28. Rd6 $15 Bf5 29. Bd4) 28... Ne5 $17 29. Bd4 {[#]} Rc8+ $1 ({Much weaker is} 29... Bxa2 $6 30. Bxe5 fxe5 31. Rxe5 $11) 30. Bc3 Bxa2 {Black is more active.} 31. Rd6 g5 32. Re4 Rc6 33. Rd8 (33. Rxc6 $15 Nxc6 34. g3) 33... Kg6 $19 34. Kd1 (34. Re2 {is a better defense.}) 34... Rc5 (34... Ng4 $19 {aiming for ...Nf2+.} 35. Re7 b5) 35. Rd6 {Hoping for Rxe5.} Rd5+ ({Better is} 35... Ng4 {...Nf2+ is the strong threat.} 36. Ke1 Bd5) 36. Rd4 $17 Rxd4+ (36... Rb5 {keeps more tension.} 37. Ke2 Nf7 38. Rd7 Be6 39. Re7 Bd5) 37. Bxd4 {[%mdl 4096] Endgame KRB-KBN} Kf5 38. Ke2 Bc4+ 39. Kf2 $1 Bb5 40. Bc3 Bc6 41. h3 h5 {[%cal Bh7h5,Bh5g4,Bg4g3,Bg3g2][%mdl 32]} 42. b4 Be4 43. Kg1 g4 44. hxg4+ hxg4 45. Kf2 (45. Rd8 $17) 45... g3+ $19 46. Kf1 {[#]} f3 (46... Ng4 $1 $19 {Strongly threatening ...Ne3+.} 47. Kg1 Kg5) 47. gxf3 $17 Bxf3 48. Be1 g2+ 49. Kg1 Bc6 (49... Nf7 $19 {is more deadly.} 50. Rd3 Ke4) 50. Bc3 Be4 51. Kh2 Ng4+ 52. Kg1 Bc6 53. Bb2 Kg6 54. Bd4 (54. Bc3 $142) 54... Kf7 55. Bc5 Ne5 56. Kh2 Kg6 57. Kg1 Nf7 58. Rd1 f5 {[%cal Bf6f5,Bf5f4,Bf4f3][%mdl 32]} 59. Kh2 (59. Be3 $17 {might work better.}) 59... f4 $19 60. Re1 Kf5 61. Re7 (61. Rc1 {was worth a try.}) 61... Ng5 62. Bd6 $2 (62. Bf2) 62... f3 {( -> ...f2). Black is clearly winning.} 63. Bc5 Kf6 {[%cal Of3f2] And now ...f2! would win.} 64. Rc7 Ne6 65. Rc8 Nxc5 66. bxc5 Ke5 {Weighted Error Value: White=0.18 (very precise) /Black=0.15 (very precise)} 0-1